| 000 | 00811nam a2200265 i 4500 | ||
|---|---|---|---|
| 001 | bg | ||
| 100 | 1 |
_aMASTALSKI, Ryszard _d(1940- ) |
|
| 245 | 1 | 0 |
_aPrawo podatkowe / _cRyszard Mastalski. |
| 250 | _a3. wyd. zm. i zaktual. | ||
| 260 |
_aWarszawa : _bC. H. Beck, _c2004. |
||
| 300 |
_aXXI, [2], 550 s. ; _c23 cm. |
||
| 490 | 1 | _aStudia Prawnicze | |
| 504 | _aBibliogr. przy rozdz. - Indeks. | ||
| 650 | 9 |
_aPodatek _xprawo _zPolska _ystan na 2004 r. |
|
| 655 | _aPodręczniki akademickie | ||
| 830 | _aStudia Prawnicze | ||
| 020 | _a8373872019 | ||
| 040 | _cBPK | ||
| 041 | 0 | _apol | |
| 080 | _a336.221.24(075.8) | ||
| 920 | _a83-7387-201-9 | ||
| 942 | _cKS | ||
| 008 | s pl f |000 0 pol | ||
| 999 |
_c44911 _d44911 |
||
| 856 |
_uhttp://koha.tu.koszalin.pl/cgi-bin/koha/opac-detail.pl?biblionumber=44911 _yKatalog online BPK |
||